Central Library OPAC University of Rajshahi

Skills and strategies of successful soccer / (Record no. 16540)

MARC details
000 -LEADER
fixed length control field 00852nam a22002651 4500
001 - CONTROL NUMBER
control field 16540
003 - CONTROL NUMBER IDENTIFIER
rucl marc code BD-RjUL
005 - DATE AND TIME OF LATEST TRANSACTION
control field 20211209000024.0
008 - FIXED-LENGTH DATA ELEMENTS--GENERAL INFORMATION
fixed length control field 140213s1968 njua b 001 0 eng d
035 ## - SYSTEM CONTROL NUMBER
System control number (BD-RjUL)16595
040 ## - CATALOGING SOURCE
Original cataloging agency DLC
Transcribing agency DLC
Modifying agency DLC
-- BD-RjUL
Language of cataloging eng
041 ## - LANGUAGE CODE
Language code of text/sound track or separate title eng
082 00 - DEWEY DECIMAL CLASSIFICATION NUMBER
Classification number 796.334
Author mark and year SCH 1968
100 1# - MAIN ENTRY--PERSONAL NAME
Personal name Schmid, Irvin R.
9 (RLIN) 51117
245 10 - TITLE STATEMENT
Title Skills and strategies of successful soccer /
Statement of responsibility, etc. by Irvin R. Schmid, John L. McKeon [and] Melvin R. Schmid.
260 ## - PUBLICATION, DISTRIBUTION, ETC. (IMPRINT)
Place of publication, distribution, etc. Englewood Cliffs, N.J. :
Name of publisher, distributor, etc. Prentice-Hall,
Date of publication, distribution, etc. 1968
300 ## - PHYSICAL DESCRIPTION
Pagination viii, 230 p. :
Illustrations illus. ;
Size 24 cm.
504 ## - BIBLIOGRAPHY, ETC. NOTE
Bibliography, etc Bibliography: p. 227-228 and Index
650 #0 - SUBJECT ADDED ENTRY--TOPICAL TERM
Topical term or geographic name as entry element Soccer.
9 (RLIN) 50706
700 1# - ADDED ENTRY--PERSONAL NAME
Personal name McKeon, John L.,
Relator term joint author.
Personal name Schmid, Melvin R.,
Relator term joint author.
942 ## - ADDED ENTRY ELEMENTS (KOHA)
Source of classification or shelving scheme Dewey Decimal Classification
Koha item type Books
Holdings
Lost status Source of classification or shelving scheme Damaged status Not for loan Collection code Permanent Location Current Location Shelving location Date acquired Source of acquisition Cost, normal purchase price Total Checkouts Full call number Date last seen Copy number Koha item type
  Dewey Decimal Classification     Non-fiction Central Library, University of Rajshahi Central Library, University of Rajshahi   20/10/1970 Zeithlinger. 63.00   796.334 SCH 1968 13/02/2014 C-2 Books
  Dewey Decimal Classification   Not For Loan Non-fiction Central Library, University of Rajshahi Central Library, University of Rajshahi Reading Room 20/10/1970 Zeitlinger 63.00   796.334 SCH 1968 28/11/2019 C-1 Books